00559nam a22001937a 450000500170000001000130001702000220003003500130005203700160006504000120008108200160009310000180010924500850012726000390021227000530025130000200030465000210032465000200034520170124105930.0 aB-209637 a8187248726c00.00 aB-209637 bCen Lib/Ret aDPLbEN a332.45bKHA aKhanna, Kewal aNew era in Indian economy :cby Kewal Khannabmega economic policy highlights / aJaipurbRaj Publishing Housec2003 a44, Parnami Mandir, Govind MargbJaipure2622141 a194p.c22cm(Hb) aEconomic history aEconomic policy